Improving retention through intensive practice in college survival skills (Record no. 70254)

MARC details
000 -CABECERA
campo de control de longitud fija 00614nam a2200217 a 4500
005 - FECHA Y HORA DE LA ÚLTIMA TRANSACCIÓN
campo de control 20210219153157.0
008 - ELEMENTOS DE LONGITUD FIJA--INFORMACIÓN GENERAL
campo de control de longitud fija 991125n 000 0 eng u
035 ## - NÚMERO DE CONTROL DEL SISTEMA
Número de control de sistema UPN01000082059
100 ## - ASIENTO PRINCIPAL--NOMBRE PERSONAL
Nombre de persona McIntire, Roger W.
222 ## - TÍTULO CLAVE
Título clave NASPA JOURNAL
245 ## - MENCIÓN DE TÍTULO
Título Improving retention through intensive practice in college survival skills
300 ## - DESCRIPCIÓN FÍSICA
Extensión 299-306
362 ## - FECHAS DE PUBLICACIÓN Y/O DESIGNACIÓN SECUENCIAL
Fecha de publicación y/o designación secuencial 1992 29, no. 4
653 0# - TERMINO DE INDIZACION - NO CONTROLADO
Término no controlado MODIFICACION DE LA CONDUCTA
653 0# - TERMINO DE INDIZACION - NO CONTROLADO
Término no controlado PROGRAMAS COLEGIALES
653 0# - TERMINO DE INDIZACION - NO CONTROLADO
Término no controlado SCHOOL HOLDING POWER
700 ## - ASIENTO SECUNDARIO--NOMBRE DE PERSONAL
Nombre de persona Pumroy, Donald K.
700 ## - ASIENTO SECUNDARIO--NOMBRE DE PERSONAL
Nombre de persona Burgee, Myra L.
904 ## - ELEMENTOS DE DATOS D LOCAL, LDD (RLIN)
a AC
b 019870
905 ## - TIPO DE MATERIAL
Tipo de material Articulo

No items available.